| 000 | 00800nam a22002295i 4500 | ||
|---|---|---|---|
| 001 | 166052 | ||
| 003 | ES-MaACL | ||
| 005 | 20250724063436.0 | ||
| 008 | 020918s1902 fr |||| | fre d | ||
| 040 |
_aCCPB | B _bspa _cCCPB | B |
||
| 100 | 1 |
_aTarde, Gabriel de, _d1843-1904 _9133127 |
|
| 245 | 1 | 0 |
_aPsychologie économique / _cpar G. Tarde. |
| 260 |
_aParis : _bFélix Alcan, _c1902 ( _eÉvreux : _fCharles Hérissey) |
||
| 300 |
_a2 v. (383 ; 449 p.) ; _c23 cm. |
||
| 490 | 1 | _aBibliothèque de philosophie contemporaine | |
| 650 | 4 |
_aEconomía- _xPsicología. _9188588 |
|
| 752 |
_aFrancia - _dParís |
||
| 752 |
_aFrancia - _dÉvreux |
||
| 830 | 0 |
_aBibliothèque de philosophie contemporaine _9181027 |
|
| 852 |
_aES-MaACL _jB-7195-7196 _z-- Enc. hol. |
||
| 999 |
_c166052 _d166052 |
||